01053cam a22002651 4500001001300000003000400013005001700017008004100034010001700075035001900092040004000111042001200151050002300163082001100186086001700197100003600214245008400250260002900334300002100363490007800384500005600462500020800518650004600726999001500772agr39000041 DLC20260227110957.0820202s1939 dcu f000 0 eng c aagr39000041  a(OCoLC)8120136 aU.S. Dept. of agr. LibrarycVidDLC apremarc00aZ5073b.U57 no. 34 a016.630 aA 17.8:no.341 aEdwards, Everett Eugene,d1900-10aReferences on agriculture in the life of the nation.cBy Everett E. Edwards ... aWashington, D.C.c[1939] av, 73 p.c27 cm.0 aU.S. Dept. of Agriculture. Library. Bibliographical contributionsvno. 34 aContribution from Bureau of Agricultural Economics. aRevision and enlargement of a publication with title Agriculture in the life on the nation, a selected list of references, issued by the U.S. Bureau of Agricultural Economics, August 1930 and March 1931. 0aAgriculturezUnited StatesvBibliography. c9928d9928